Oracle E-Business Suite 12 tuning tips & techniques / (Record no. 82980)

MARC details
000 -LEADER
fixed length control field 00745nam a22002297a 4500
005 - DATE AND TIME OF LATEST TRANSACTION
control field 20140319104103.0
010 ## - LCCN (DPL NO)
LC control number ENG-109540
020 ## - INTERNATIONAL STANDARD BOOK NUMBER
Terms of availability 625.00
International Standard Book Number 9789351344759
020 ## - INTERNATIONAL STANDARD BOOK NUMBER
Terms of availability 625.00
International Standard Book Number 9351344754
035 ## - SYSTEM CONTROL NUMBER
System control number EN-93073
037 ## - SOURCE OF ACQUISITION
Source of stock number/acquisition DBAD/PUB
082 ## - DEWEY DECIMAL CLASSIFICATION NUMBER
Classification number 658.872028553
100 ## - MAIN ENTRY--PERSONAL NAME
Personal name Bingham, Richard
245 00 - TITLE STATEMENT
Title Oracle E-Business Suite 12 tuning tips & techniques /
Statement of responsibility, etc by Richard Bingham
260 ## - PUBLICATION, DISTRIBUTION, ETC. (IMPRINT)
Place of publication, distribution, etc New Delhi
Name of publisher, distributor, etc McGraw Hill Education
Date of publication, distribution, etc 2014
270 ## - ADDRESS
Address P-24, Green Park Extn.
City New Delhi
Postal code 110016
300 ## - PHYSICAL DESCRIPTION
Extent xx,408p. :
Dimensions 24cm(pbk)
Other physical details ill.
500 ## - GENERAL NOTE
General note Includes index
650 ## - SUBJECT ADDED ENTRY--TOPICAL TERM
Topical term or geographic name as entry element Electronic commerce
General subdivision Computer programs.
650 ## - SUBJECT ADDED ENTRY--TOPICAL TERM
Topical term or geographic name as entry element Management information systems.
942 ## - ADDED ENTRY ELEMENTS (KOHA)
Source of classification or shelving scheme Dewey Decimal Classification
Item type English Books
Call number suffix BIN
Classification part 658.872028553
Holdings
Withdrawn status Lost status Not for loan Collection code Home library Current library Date acquired Source of acquisition Cost, normal purchase price Full call number Barcode Copy number Cost, replacement price Koha item type
    Not For Loan Non-fiction D.B.Act.Division D.B.Act.Division 13/03/2014 DBAD/PUB 625.00 658.872028553 BIN EN-93073 1 625.00 English Books

© Delhi Public Library
Hit Counter
free hit counter